02201 a2200229 45000010006000000050017000060080041000230030015000640400040000790800035001192450049001540200022002032640053002253000023002785051530003010410008018311000025018397000019018647000029018837000022019127000037019341274920260407155440.0260407a1996 arg spa dAR-UNSa-BCEJYS aAR-UNSa-BCEJYSbspacAR-UNSa-BCEJYS a657.47xContabilidad de Costos10aContabilidad de costospun enfoque gerencial a978-968-880-502-2 1aMéxico :bPrentice-Hall Hispanoamericanac1996 axx, 970 p.c27 cm. a1. El papel del contador en la organización - 2. Introducción a los términos y propósitos de costos - 3. Relación costo-volumen-utilidad - 4. Sistemas de costeo en los sectorescomercial y de servicio - 5. Sistemas de costeo en el sector industrial - 6. Presupuesto maestro y contabilidad por responsabilidad - 7. Presupuestos flexibles, variaciones y control administrativo: I - 8. Presupuestos flexibles, variaciones y control administrativo: II - 9. Efectos en los ingresos de métodos alternativos de costeo de inventarioa - 10. Determinación del comportamiento de costos - 11. Relevancia, costos y proceso de toma de decisiones - 12. Decisiones sobre precios, rentabilidad de productos y administración de costos - 13. Sistemas de control administrativo: selección y aplicación - 14. Asignación de costos: I -15.Asignación de costos: II - 16. Asignación de costos: productos conjuntos y subproductos - 17. Sistemas de costeo por procesos - 18. Mermas, unidades retrabajadas y deshechos - 19. Costeo por operaciones, costeo hacia atrás y control de proyectos - 20. Presupuestación de capital y análisis de costos - 21. Presupuestación de capital: un análisis más profundo - 22. Medición de la mezcla, rendimiento y productividad - 23. Administración de costos: calidad y tiempo - 24. Administración de inventarios y justo-a-tiempo - 25. Selección de sistemas: descentralización y precios de transferencia - 26. Selección de sistemas: medida y compensación del desempeño aspa1 aHorngren, Charles T.1 aFoster, George1 aDeras Quiñones, Adolfo1 aDatar, Srikant M.1 aRodas Carpizo, Alejandro Roberto